000 00658nam a2200253Ia 4500
005 20260121161201.0
008 008 260114s9999 xx 000 0 eng d
020 _a9781003261261
037 _aEBOOK
040 _aCRL
040 _beng
040 _cCRL
041 _2eng
041 _aeng
084 _qCRL
100 _aBeate Althammer
_91041238
245 0 _aCitizenship, Migration and Social Rights:Historical Experiences from the 1870s to the 1970s
260 _bTaylor and Francis
260 _c2024
856 _uhttp://www.taylorfrancis.com/books/9781003261261
942 _cEBOOK
999 _c1608054
_d1608054